মারিফুন্নাগমাত / (Record no. 55460)
[ view plain ]
| 000 -LEADER | |
|---|---|
| fixed length control field | 00914nam a2200241 a 4500 |
| 001 - CONTROL NUMBER | |
| control field | 55460 |
| 003 - CONTROL NUMBER IDENTIFIER | |
| rucl marc code | BD-RjUL |
| 005 - DATE AND TIME OF LATEST TRANSACTION | |
| control field | 20211209080252.0 |
| 008 - FIXED-LENGTH DATA ELEMENTS--GENERAL INFORMATION | |
| fixed length control field | 161117s1967 bg ||||| |||| 00| 0 ben d |
| 020 ## - INTERNATIONAL STANDARD BOOK NUMBER | |
| Terms of availability | : TK 15.00 |
| 035 ## - SYSTEM CONTROL NUMBER | |
| System control number | (BD-RjUL)55583 |
| 040 ## - CATALOGING SOURCE | |
| Original cataloging agency | BD-RjUL |
| Language of cataloging | ben |
| Transcribing agency | BD-RjUL |
| 041 ## - LANGUAGE CODE | |
| Language code of text/sound track or separate title | ben |
| 082 ## - DEWEY DECIMAL CLASSIFICATION NUMBER | |
| Edition number | 23 |
| Classification number | 781 |
| Author mark and year | KHM 1967 |
| 100 ## - MAIN ENTRY--PERSONAL NAME | |
| Personal name | খান, রাজা নোয়াব আলী |
| 9 (RLIN) | 165216 |
| 245 10 - TITLE STATEMENT | |
| Title | মারিফুন্নাগমাত / |
| Statement of responsibility, etc. | রাজা নোয়াব আলী খান |
| 260 ## - PUBLICATION, DISTRIBUTION, ETC. (IMPRINT) | |
| Place of publication, distribution, etc. | ঢাকা : |
| Name of publisher, distributor, etc. | বাংলা একাডেমী, |
| Date of publication, distribution, etc. | ১৯৬৭ |
| 300 ## - PHYSICAL DESCRIPTION | |
| Pagination | [২৪], ৩২৬ পৃ. ; |
| Size | ২৬ সেমি. |
| 650 ## - SUBJECT ADDED ENTRY--TOPICAL TERM | |
| Topical term or geographic name as entry element | Principle of Music |
| 9 (RLIN) | 147236 |
| Topical term or geographic name as entry element | সঙ্গীত নীতি |
| 9 (RLIN) | 165217 |
| 700 ## - ADDED ENTRY--PERSONAL NAME | |
| Personal name | হিলালী, মকসুদুর রহমান, অনুবাদ |
| 942 ## - ADDED ENTRY ELEMENTS (KOHA) | |
| Source of classification or shelving scheme | Dewey Decimal Classification |
| Koha item type | Books |
| Lost status | Source of classification or shelving scheme | Damaged status | Not for loan | Collection code | Permanent Location | Current Location | Shelving location | Date acquired | Source of acquisition | Cost, normal purchase price | Total Checkouts | Full call number | Date last seen | Date checked out | Copy number | Koha item type |
|---|---|---|---|---|---|---|---|---|---|---|---|---|---|---|---|---|
| Dewey Decimal Classification | Non-fiction | Central Library, University of Rajshahi | Central Library, University of Rajshahi | 09/01/1975 | Bangla Academy, Dhaka | 15.00 | 1 | B 781 KHM 1967 | 20/04/2026 | 06/04/2026 | C-2 | Books | ||||
| Dewey Decimal Classification | Non-fiction | Central Library, University of Rajshahi | Central Library, University of Rajshahi | 09/01/1975 | Bangla Academy, Dhaka | 15.00 | B 781 KHM 1967 | 17/11/2016 | C-3 | Books | ||||||
| Dewey Decimal Classification | Non-fiction | Central Library, University of Rajshahi | Central Library, University of Rajshahi | 09/01/1975 | Bangla Academy, Dhaka | 15.00 | B 781 KHM 1967 | 17/11/2016 | C-4 | Books | ||||||
| Dewey Decimal Classification | Non-fiction | Central Library, University of Rajshahi | Central Library, University of Rajshahi | 09/01/1975 | Bangla Academy, Dhaka | 15.00 | B 781 KHM 1967 | 17/11/2016 | C-5 | Books | ||||||
| Dewey Decimal Classification | Non-fiction | Central Library, University of Rajshahi | Central Library, University of Rajshahi | 09/01/1975 | Bangla Academy, Dhaka | 15.00 | B 781 KHM 1967 | 22/11/2016 | C-6 | Books | ||||||
| Dewey Decimal Classification | Non-fiction | Central Library, University of Rajshahi | Central Library, University of Rajshahi | 09/01/1975 | Bangla Academy, Dhaka | 15.00 | 1 | B 781 KHM 1967 | 08/03/2017 | 28/02/2017 | C-7 | Books | ||||
| Dewey Decimal Classification | Not For Loan | Non-fiction | Central Library, University of Rajshahi | Central Library, University of Rajshahi | Reading Room | 09/01/1975 | Bangla Academy, Dhaka | 15.00 | B 781 KHM 1967 | 30/01/2017 | C-1 | Books |